书目信息 |
| 题名: |
全国会计专业技术资格考试经济法基础必刷550题
|
|
| 作者: | ;中华会计网校 编 | |
| 分册: | ||
| 出版信息: | 北京 人民出版社 2019 |
|
| 页数: | 146页 | |
| 开本: | 26cm | |
| 丛书名: | 梦想成真系列辅导丛书 | |
| 单 册: | ||
| 中图分类: | D922.290.4 , D922.2 | |
| 科图分类: | ||
| 主题词: | 经济法--中国--资格考试--习题集 | |
| 电子资源: | ||
| ISBN: | 978-7-01-020651-6 | |
| 000 | 01241nam0 2200277 450 | |
| 001 | 2043790224 | |
| 005 | 20201203121004.93 | |
| 010 | @a978-7-01-020651-6@dCNY36.00 | |
| 100 | @a20190605d2019 em y0chiy50 ea | |
| 101 | 0 | @achi |
| 102 | @aCN@b110000 | |
| 105 | @ay q 000yy | |
| 200 | 1 | @a全国会计专业技术资格考试经济法基础必刷550题@9quan guo kuai ji zhuan ye ji shu zi ge kao shi jing ji fa ji chu bi shua 550 ti@b专著@e2020微课版@f中华会计网校编 |
| 210 | @a北京@c人民出版社@d2019 | |
| 215 | @a146页@d26cm | |
| 225 | 1 | @a梦想成真系列辅导丛书 |
| 312 | @a版权页题:经济法基础必刷550题 | |
| 330 | @a本书内容包括:总论;会计法律制度;支付结算法律制度;增值税、消费税法律制度;企业所得税、个人所得税法律制度;其他税收法律制度;税收征收管理法律制度;劳动合同与社会保险法律制度。 | |
| 516 | 1 | @a2020年度全国会计专业技术资格考试经济法基础必刷550题@92020 nian du quan guo kuai ji zhuan ye ji shu zi ge kao shi jing ji fa ji chu bi shua 550 ti |
| 517 | 1 | @a经济法基础必刷550题@9jing ji fa ji chu bi shua 550 ti |
| 606 | 0 | @a经济法@y中国@x资格考试@j习题集 |
| 690 | @aD922.290.4@v5 | |
| 690 | @aD922.2@v4 | |
| 711 | 02 | @a中华会计网校@9zhong hua kuai ji wang xiao@4编 |
| 801 | 2 | @aCN@b58marc.cn@c20191026 |
| 905 | @aZUCC@dD922.2@e16 | |
| 全国会计专业技术资格考试经济法基础必刷550题:2020微课版/中华会计网校编.-北京:人民出版社,2019 |
| 146页;26cm.-(梦想成真系列辅导丛书) |
| ISBN 978-7-01-020651-6:CNY36.00 |
| 本书内容包括:总论;会计法律制度;支付结算法律制度;增值税、消费税法律制度;企业所得税、个人所得税法律制度;其他税收法律制度;税收征收管理法律制度;劳动合同与社会保险法律制度。 |
| ● |
| 相关链接 |
|
|
|
正题名:全国会计专业技术资格考试经济法基础必刷550题
索取号:D922.2/16
 
预约/预借
| 序号 | 登录号 | 条形码 | 馆藏地/架位号 | 状态 | 备注 |
| 1 | 2000875181 | 2000875181 | 第二书库/ [索取号:D922.2/16] | 在馆 | |
| 2 | 2000875182 | 2000875182 | 第二书库/ [索取号:D922.2/16] | 在馆 | |
| 3 | 2000875183 | 2000875183 | 第二书库/ [索取号:D922.2/16] | 在馆 |